• AIU
  • Tony Wilmot Memorial Library

Introduction to biblical interpretation / (Record no. 67689)

MARC details
000 -LEADER
fixed length control field 01092cam a2200301 i 4500
001 - CONTROL NUMBER
control field 19270631
003 - CONTROL NUMBER IDENTIFIER
control field OSt
005 - DATE AND TIME OF LATEST TRANSACTION
control field 20231005150357.0
008 - FIXED-LENGTH DATA ELEMENTS--GENERAL INFORMATION
fixed length control field 160825s2017 miu b 001 0 eng c
010 ## - LIBRARY OF CONGRESS CONTROL NUMBER
LC control number 2016039056
020 ## - INTERNATIONAL STANDARD BOOK NUMBER
International Standard Book Number 9780310524175 (hardcover)
040 ## - CATALOGING SOURCE
Original cataloging agency NcWfSB/DLC
Language of cataloging eng
Transcribing agency NcWfSB
Description conventions rda
Modifying agency DLC
042 ## - AUTHENTICATION CODE
Authentication code pcc
050 00 - LIBRARY OF CONGRESS CALL NUMBER
Classification number BS476
Item number .K545 2017
082 00 - DEWEY DECIMAL CLASSIFICATION NUMBER
Classification number 220.601
Edition number 23
100 1# - MAIN ENTRY--PERSONAL NAME
Personal name Klein, William W.
Fuller form of name (William Wade),
Relator term author
9 (RLIN) 55358
245 10 - TITLE STATEMENT
Title Introduction to biblical interpretation /
Statement of responsibility, etc William W. Klein, Craig L. Blomberg, Robert L. Hubbard, Jr.
250 ## - EDITION STATEMENT
Edition statement Third edition.
260 ## - PUBLICATION, DISTRIBUTION, ETC. (IMPRINT)
Place of publication, distribution, etc Grand Rapids, MI :
Name of publisher, distributor, etc Zondervan Academic,
Date of publication, distribution, etc c2017.
300 ## - PHYSICAL DESCRIPTION
Extent 718 pages ;
Dimensions 24 cm
504 ## - BIBLIOGRAPHY, ETC. NOTE
Bibliography, etc Includes bibliography and indexes.
630 00 - SUBJECT ADDED ENTRY--UNIFORM TITLE
Uniform title Bible
General subdivision Hermeneutics.
700 1# - ADDED ENTRY--PERSONAL NAME
Personal name Blomberg, Craig L.,
Dates associated with a name 1955-
Relator term author.
9 (RLIN) 55359
700 1# - ADDED ENTRY--PERSONAL NAME
Personal name Hubbard, Robert L.,
Titles and other words associated with a name Jr.,
Dates associated with a name 1943-
Relator term author.
9 (RLIN) 55360
906 ## - LOCAL DATA ELEMENT F, LDF (RLIN)
a 7
b cbc
c orignew
d 1
e ecip
f 20
g y-gencatlg
942 ## - ADDED ENTRY ELEMENTS (KOHA)
Source of classification or shelving scheme Library of Congress Classification
Koha item type Books
Holdings
Withdrawn status Lost status Source of classification or shelving scheme Damaged status Not for loan Collection code Home library Current library Shelving location Date acquired Source of acquisition Cost, normal purchase price Total Checkouts Total Renewals Full call number Barcode Date last seen Date checked out Copy number Price effective from Koha item type
    Library of Congress Classification     General Circulation AIU/NEGST - Tony Wilmot Memorial Library AIU/NEGST - Tony Wilmot Memorial Library General Stacks 10/05/2023 Purchase - ACTS Bookshop 26.57 7 1 BS 476.K545 2017 T16762W3232 09/15/2025 09/05/2025 1 10/05/2023 Reserve Collection - AIU main Campus
    Library of Congress Classification     General Circulation AIU/NEGST - Tony Wilmot Memorial Library AIU/NEGST - Tony Wilmot Memorial Library General Stacks 10/05/2023 Purchase - ACTS Bookshop 26.57 6 1 BS 476.K545 2017 T16763W3232 12/11/2025 11/14/2025 2 10/05/2023 Books